GLOBOTRUNCANA HELVETICA BOLLI V KYSUCKOM VÝVINE PIENINSKEJ SÉRIE VNÚTORNÉHO BRADLOVÉHO PÁSMA V ZÁPADNÝCH KARPATOCH

Bibliographic Details
Main Author: Scheibnerová, Viera, 1935- (Author)
Format: Article
Language:Slovak

MARC

LEADER 00000nab a2200000ua 4500
001 vtls010841677
003 SK-MaSNL
005 20260303135839.0
008 230218s1958 xo |||||||||||||||||slo|
035 |a (urnnbn)urn:nbn:sk:snk:ar-a06yn9 
035 |a urn:nbn:sk:snk-ab6468 
035 |a (uuid)71e2b1f0-8e5e-46b5-8475-290b932da3ad 
040 |a SNKBUCL  |b slo  |c SNKBUCL  |e AACR2 
041 0 |a slo 
044 |a xo  |c SK 
100 1 |a Scheibnerová, Viera,  |d 1935-  |4 aut  |9 114376 
245 1 0 |a GLOBOTRUNCANA HELVETICA BOLLI V KYSUCKOM VÝVINE PIENINSKEJ SÉRIE VNÚTORNÉHO BRADLOVÉHO PÁSMA V ZÁPADNÝCH KARPATOCH  |c Viera Scheibnerová 
773 0 |t Geologický sborník  |g Roč. 9, č. 2 (1958), s. 188-194 
954 |a odborná, vedecká literatúra pôvodná (slovenská)  |2 lita 
958 |a OND 
958 |a EUIPO 
958 |a article5 
999 |c 1968324  |d 1970254